Central Library OPAC University of Rajshahi

Barlow's tables of squares, cubes, square roots, cube roots, and reciprocals of all integers up to 12,500 / (Record no. 7825)

MARC details
000 -LEADER
fixed length control field 00719nam a2200229 a 4500
001 - CONTROL NUMBER
control field 7825
003 - CONTROL NUMBER IDENTIFIER
rucl marc code BB-RjUL
005 - DATE AND TIME OF LATEST TRANSACTION
control field 20211208234500.0
008 - FIXED-LENGTH DATA ELEMENTS--GENERAL INFORMATION
fixed length control field 140116r19621941enk 000 0 eng d
035 ## - SYSTEM CONTROL NUMBER
System control number (BD-RjUL)7869
040 ## - CATALOGING SOURCE
Original cataloging agency BD-RjUL
Language of cataloging eng
Transcribing agency BD-RjUL
041 ## - LANGUAGE CODE
Language code of text/sound track or separate title eng
082 04 - DEWEY DECIMAL CLASSIFICATION NUMBER
Edition number 16
Classification number 510
Author mark and year BAR 1962
245 10 - TITLE STATEMENT
Title Barlow's tables of squares, cubes, square roots, cube roots, and reciprocals of all integers up to 12,500 /
Statement of responsibility, etc. edited by L. J. Comrie.
250 ## - EDITION STATEMENT
Edition statement 4th ed /
260 ## - PUBLICATION, DISTRIBUTION, ETC. (IMPRINT)
Place of publication, distribution, etc. London :
Name of publisher, distributor, etc. E. & F. N. Spon,
Date of publication, distribution, etc. 1941 [reprinted 1960,1962]
300 ## - PHYSICAL DESCRIPTION
Pagination xii, 258 p. ;
Size 22 cm.
650 #0 - SUBJECT ADDED ENTRY--TOPICAL TERM
Topical term or geographic name as entry element Mathematics
Form subdivision Tables
9 (RLIN) 20965
Topical term or geographic name as entry element Mathematics.
9 (RLIN) 154486
700 1# - ADDED ENTRY--PERSONAL NAME
Personal name Comrie, L. J.
942 ## - ADDED ENTRY ELEMENTS (KOHA)
Source of classification or shelving scheme Dewey Decimal Classification
Koha item type Books
Holdings
Lost status Source of classification or shelving scheme Damaged status Not for loan Collection code Permanent Location Current Location Shelving location Date acquired Source of acquisition Cost, normal purchase price Total Checkouts Full call number Date last seen Copy number Koha item type
  Dewey Decimal Classification     Non-fiction Central Library, University of Rajshahi Central Library, University of Rajshahi Reading Room 18/01/1964 Euro Pakistan News Agency dacca 18.00   510 BAR 1962 16/01/2014 C-1 Books
  Dewey Decimal Classification     Non-fiction Central Library, University of Rajshahi Central Library, University of Rajshahi   25/03/1964 Zeitlinger 24.00   510 BAR 1962 27/08/2016 C-2 Books
  Dewey Decimal Classification     Non-fiction Central Library, University of Rajshahi Central Library, University of Rajshahi   25/03/1964 Zeitlinger 24.00   510 BAR 1962 27/08/2016 C-3 Books
  Dewey Decimal Classification     Non-fiction Central Library, University of Rajshahi Central Library, University of Rajshahi   25/03/1964 Zeitlinger 24.00   510 BAR 1962 27/08/2016 C-4 Books
  Dewey Decimal Classification     Non-fiction Central Library, University of Rajshahi Central Library, University of Rajshahi   25/03/1964 Zeitlinger 24.00   510 BAR 1962 27/08/2016 C-5 Books
  Dewey Decimal Classification     Non-fiction Central Library, University of Rajshahi Central Library, University of Rajshahi   25/03/1964 Zeitlinger 24.00   510 BAR 1962 27/08/2016 C-7 Books
  Dewey Decimal Classification     Non-fiction Central Library, University of Rajshahi Central Library, University of Rajshahi   25/03/1964 Zeitlinger 24.00   510 BAR 1960 27/08/2016 C-6 Books